000 00451nam a2200193Ia 4500
005 20240823060138.0
008 240823s9999||||xx |||||||||||||| ||und||
020 _a0-697-10251-3
041 _aENGLISH
082 _A519.5 N4
100 _a"Gibson,Henry R"
245 0 _aElementary Statistics
250 _a1st
260 _c1994
_bWCB Publi
500 _aYES
650 _aElementary Statistics
_bMathematics
942 _cBK
999 _c230438
_d230438